Top gun (Top gun.) USA 1986

Bibliographic Details
Main Authors: Cielová, Hana, 1958- (Author), Uhrík, Štefan (Author)
Format: Article
Language:Slovak
PhysicalDescription:Fot. 1.
Subjects:

MARC

LEADER 00000nab a2200000 a 4500
001 vtls000455491
003 SK-MaSNL
005 20260302235955.0
008 120926c1992 xo 0 slo
015 |a SNBRB19rr/mm-uuuuu 
035 |a CL0455622 
040 |a SNKBUCL  |b slo  |c SNKBUCL  |e AACR2 
041 0 |a slo 
044 |a xo  |c SK 
080 |a 791.43(73)  |2 1981 
100 1 |a Cielová, Hana,  |d 1958-  |4 aut  |9 202558 
245 1 0 |a Top gun  |b (Top gun.) USA 1986  |c Hana Cielová, Štefan Uhrík ; Tony Scott 
300 |b Fot. 1. 
500 |a (Réžia Tony Scott.) 
650 0 7 |a Top gun (film USA)  |2 snkbucl  |9 973484 
655 7 |a články z novín a časopisov  |2 snkbucl  |9 267496 
700 1 |a Uhrík, Štefan  |4 aut  |9 952435 
773 0 |t Mladé rozlety  |g Roč. 6, č. 22 (1992), s. 23 
850 |a Slovenská národná knižnica v Martine  |a MTA001 
852 |a SNK  |b KIS3GCP 
958 |a RK 
992 |a RBX 
999 |c 1556721  |d 1558651